宇野昌磨のプログラム - Statistics

General Stats
  • This quiz has been taken 5 times
    4 since last reset
  • The average score is 18 of 27
Answer Stats
シーズン プログラム Answer % Correct
2015-16 FS オペラ『トゥーランドット』より
100%
2016-17 SP ヴァイオリンと管弦楽のためのファンタジア
100%
2016-17 FS ブエノスアイレス午前零時/ロコへのバラード
100%
2017-18 SP 「四季」より「冬」
100%
2017-18 FS オペラ『トゥーランドット』より
100%
2018-19 FS 月光
100%
2021-22 FS Boléro IV 〜New Breath〜 (Instrumental)
100%
2022-23 FS G線上のアリア/メアトルメンタプロペラーテ
100%
2023-24 SP I Love You Kung Fu/映画『エブリシング・エブリウェア・オール・アット・ワンス』より/月の光
100%
2010-11 FS ツィガーヌ
67%
2011-12 FS ツィガーヌ
67%
2018-19 SP 天国への階段
67%
2019-20 FS Dancing On My Own/Your Last Kiss
67%
2020-21 FS Dancing On My Own/Your Last Kiss
67%
2022-23 SP Gravity
67%
2019-20 SP Great Spirit
67%
2020-21 SP Great Spirit
67%
2012-13 FS Steps
67%
2013-14 FS Steps
67%
2011-12 SP 映画『タッカー』より
33%
2012-13 SP タンゲーラ
33%
2014-15 FS 映画『ドンファン』より
33%
2021-22 SP オーボエ協奏曲
33%
2014-15 SP ヴァイオリンソナタ第9番第1楽章
33%
2015-16 SP Legends
33%
2023-24 FS Timelapse/鏡の中の鏡
33%
2013-14 SP The Blessed Spirits
0%
No matching quizzes found
Score Distribution
Percent of People with Each Score
Percentile by Number Answered
Your Score History
You have not taken this quiz since the last reset